Countries with over 100,000,000 people - Statistics

General Stats
  • This quiz has been taken 56 times
  • The average score is 13 of 16
Answer Stats
Hint Answer % Correct
1175 China
98%
664 India
98%
1972 Brazil
96%
1948 Russia
96%
1914 USA
96%
1999 Mexico
94%
1967 Japan
92%
1965 Indonesia
88%
1992 Nigeria
88%
1988 Pakistan
86%
1988 Bangladesh
84%
2020 Egypt
84%
2016 Ethiopia
80%
2023 Vietnam
74%
2014 Philippines
72%
2021-(23) Democratic Republic of Congo
14%
No matching quizzes found
Score Distribution
Percent of People with Each Score
Percentile by Number Answered
Your Score History
You have not taken this quiz